000 00655nam a2200217 4500
003 OSt
005 20240719083202.0
006 a
008 240719b |||||||| |||| 00| 0 eng d
020 _a9780123749574
040 _aDWCL-Main lib.
_cOC
082 _aCirc. 004 S179p 2009
100 _aSaltzer, Jerome H.
245 _aPrinciples of computer system design: an introduction /
260 _aAmsterdam:
_bMorgan Kaufman,
_cc2009.
300 _axxxiii,
_b526 p. : ill. ;
_c24 cm.
504 _aIncludes bibliographical references & index.
650 _a1. System design.
650 _a2. Computer systems.
942 _2ddc
_n0
_cBK-CIRC
_kCirc.
999 _c2464
_d2464